Las grandes corrientes del pensamiento matemático /
Guardado en:
| Otros Autores: | |
|---|---|
| Formato: | Libro |
| Idioma: | Spanish French |
| Publicado: |
[Buenos Aires] :
Editorial universitaria de Buenos Aires,
1962.
|
| Series: | Temas de Eudeba. Matemáticas
|
| Etiquetas: |
Agregar Etiqueta
Sin Etiquetas, Sea el primero en etiquetar este registro!
|
| LEADER | 00834nam a22001935a 4500 | ||
|---|---|---|---|
| 001 | MAT.inmabb003096 | ||
| 008 | 051025s1962####ag#a##########000#0#spa#d | ||
| 005 | 20130218101350.0 | ||
| 245 | 0 | 4 | |a Las grandes corrientes del pensamiento matemático / |c F. Le Lionnais y colaboradores ; [traducida por Néstor Míguez]. |
| 260 | |a [Buenos Aires] : |b Editorial universitaria de Buenos Aires, |c 1962. | ||
| 300 | |a 567 p. : |b il. ; |c 23 cm. | ||
| 490 | 0 | |a Temas de Eudeba. Matemáticas | |
| 500 | |a Traducción de: Les grands courants de la pensée mathématique. Cahiers du Sud, 1948. | ||
| 510 | 4 | |a MR, |c 10,230d |3 (de la versión original) | |
| 700 | 1 | |a Le Lionnais, François, |d 1901-1984. |4 edt | |
| 084 | |a 01A05 (00A05 00A30) |2 msc2000 | ||
| 041 | 1 | |a spa |h fre | |
| 859 | |h 01 |i G752 |p A-2621 |b BIB. MATEMATICA | ||
| 859 | |h 01 |i G752 |p A-6230 |t Ej. 2 |b BIB. MATEMATICA | ||
